01323nam a2200325 a 4500001001200000003000800012006001900020007001500039008004100054020002800095040002100123035002000144050002300164082001400187245014700201260003900348300001400387500006400401504006600465533015200531650002500683650002800708655002900736700002600765700002200791700002400813710001700837856012600854999001700980ebr10089774CaPaEBRm u cr cn|||||||||031007r20041980ne sb 001 0 eng  z9004135987 (alk. paper) aCaPaEBRcCaPaEBR a(OCoLC)6081021114aBT738b.S62 2004eb04a264.522200aSociology and theologyh[electronic resource] :balliance and conflict /cedited by David Martin, John Orme Mills, and William S.F. Pickering. aLeiden ;aBoston :bBrill,cc2004. ax, 219 p. aOriginally published: New York : St. Martin's Press, c1980. aIncludes bibliographical references (p. [209]-215) and index. aElectronic reproduction.bPalo Alto, Calif. :cebrary,d2013.nAvailable via World Wide Web.nAccess may be limited to ebrary affiliated libraries. 0aChristian sociology. 0aReligion and sociology. 7aElectronic books.2local1 aMartin, David,d1929-1 aMills, John Orme.1 aPickering, W. S. F.2 aebrary, Inc.40uhttp://site.ebrary.com/lib/rucke/Doc?id=10089774zAn electronic book accessible through the World Wide Web; click to view c51860d51860